|
|
|
|
| LEADER |
00999nam a22003012a 4500 |
| 001 |
000074604 |
| 003 |
CZ BrMZK |
| 005 |
20081008144710.0 |
| 008 |
960707s1993 xr f cze d |
| 015 |
|
|
|a cnb000084608
|
| 020 |
|
|
|a 80901554-1-3
|
| 035 |
|
|
|a (OCoLC)39171629
|
| 040 |
|
|
|a BOA001
|b cze
|
| 080 |
|
|
|a 028:885.0-84
|2 MRF
|
| 080 |
|
|
|a 885.0-84:028
|2 MRF
|
| 100 |
1 |
|
|a Ebr, Vratislav,
|d 1942-2023
|7 jn19981000941
|4 aut
|
| 245 |
1 |
0 |
|a Kde, kdy a jak knihu nejraději čtu /
|c Vratislav Ebr ; ilustrace Miloš Hlavica
|
| 250 |
|
|
|a 1. vyd.
|
| 260 |
|
|
|a Praha :
|b AZ servis,
|c 1993
|
| 300 |
|
|
|a Nestr.
|
| 490 |
1 |
|
|a Sebrané spisy ;
|v sv. 2
|
| 700 |
1 |
|
|a Hlavica, Miloš,
|d 1933-2015
|7 jn20000400958
|4 ill
|
| 800 |
1 |
|
|a Ebr, Vratislav,
|d 1942-
|t Sebrané spisy
|
| 910 |
|
|
|a BOA001
|b PK-A-0020.281
|
| 964 |
|
|
|a Čtení - citáty - sbírky
|
| 964 |
|
|
|a Knihy - citáty - sbírky
|
| 990 |
|
|
|a BK
|
| 996 |
7 |
|
|b 3119968072
|c PK-A-0020.281
|l MZK
|r Sklad / do 1 hodiny
|n 1
|w 000074604
|u 000010
|a 1
|e BOA001
|j MZK50
|s A
|